[Event "14th EUR-ch"]
[Site "Legnica POL"]
[Date "2013.05.10"]
[Round "6"]
[White "Matsenko, Sergei"]
[Black "Nikolaidis, Konstantinos"]
[Result "1-0"]
[WhiteElo "2485"]
[BlackElo "2238"]
[EventDate "2013.05.05"]
[PlyCount "89"]

1.e4 c5 2.Nf3 Nc6 3.d4 cxd4 4.Nxd4 Nf6 5.Nc3 e5 6.Ndb5 d6 7.Bg5 a6 8.Na3 
b5 9.Nd5 Be7 10.Bxf6 Bxf6 11.c4 b4 12.Nc2 O-O 13.g3 Be6 14.Bg2 Rb8 15.b3 
Bg5 16.O-O g6 17.Qd3 Bh6 18.Nde3 Qb6 19.Kh1 Rbd8 20.Rad1 Kh8 21.f4 f5 22.
exf5 gxf5 23.Qe2 Bg7 24.Qh5 Ne7 25.g4 exf4 26.Rxf4 Be5 27.Rf3 fxg4 28.
Rxf8+ Rxf8 29.Be4 Bg8 30.Nxg4 Bf4 31.Rf1 Qc5 32.Qxc5 dxc5 33.Ne5 Nc8 34.
Nd7 Rd8 35.Nxc5 Be5 36.Nd3 Bc7 37.Ncxb4 Nd6 38.Bd5 Bxd5+ 39.Nxd5 Bb8 40.
Ne5 Rc8 41.Nf7+ Kg7 42.Nxd6 Bxd6 43.Rf6 Rd8 44.Kg2 a5 45.h4 1-0

[Event "14th EUR-ch"]
[Site "Legnica POL"]
[Date "2013.05.10"]
[Round "6"]
[White "Duman, Aydin"]
[Black "Ekstroem, Roland"]
[Result "1-0"]
[WhiteElo "2265"]
[BlackElo "2461"]
[EventDate "2013.05.05"]
[PlyCount "131"]

1.e4 Nf6 2.e5 Nd5 3.d4 d6 4.Nf3 dxe5 5.Nxe5 c6 6.Be2 Bf5 7.O-O Nd7 8.Ng4 
e6 9.c4 Bxg4 10.Bxg4 N5f6 11.Bf3 Bd6 12.Nc3 O-O 13.c5 Bc7 14.b4 Nd5 15.
Nxd5 exd5 16.b5 Re8 17.g3 Nf8 18.bxc6 bxc6 19.Qa4 Qf6 20.Bg2 Rac8 21.Be3 
Bb8 22.Rab1 h5 23.Qd1 h4 24.Qg4 hxg3 25.hxg3 Ne6 26.Bf3 g6 27.Kg2 Kg7 28.
Rh1 Rh8 29.Rxh8 Rxh8 30.Rb7 Qf5 31.Bd1 Qxg4 32.Bxg4 Kf6 33.Bd1 Rc8 34.Bg4 
Rh8 35.a4 g5 36.Kf3 Rg8 37.Bh5 Nc7 38.Ke2 Ke6 39.f4 g4 40.f5+ Kxf5 41.Bf4 
Na6 42.Rxf7+ Ke6 43.Bxb8 Nxb8 44.Rxa7 Kf5 45.Re7 Kf6 46.Re8 Rg5 47.Rf8+ 
Ke7 48.Rxb8 Rxh5 49.a5 Rh2+ 50.Ke3 Kd7 51.a6 Ra2 52.Ra8 Kc7 53.Kf4 Ra4 54.
Ke5 Ra3 55.Ra7+ Kb8 56.Rb7+ Ka8 57.Rg7 Re3+ 58.Kd6 Re4 59.Kxc6 Rxd4 60.Kd6
Ra4 61.Kxd5 Rxa6 62.Rxg4 Kb7 63.Rg7+ Kc8 64.g4 Kd8 65.g5 Ke8 66.c6 1-0

[Event "14th EUR-ch"]
[Site "Legnica POL"]
[Date "2013.05.10"]
[Round "6"]
[White "Kolosowski, Mateusz"]
[Black "Makolli, Perparim"]
[Result "1-0"]
[WhiteElo "2421"]
[BlackElo "2286"]
[EventDate "2013.05.05"]
[PlyCount "43"]

1.e4 c5 2.Nf3 Nc6 3.c3 d5 4.exd5 Qxd5 5.d4 e6 6.Na3 Nf6 7.Nb5 Qd8 8.dxc5 
Bxc5 9.Qxd8+ Kxd8 10.Bf4 a6 11.Rd1+ Nd7 12.Nd6 Ke7 13.b4 Ba7 14.Bc4 Bb8 
15.O-O Nb6 16.Bb3 Rd8 17.Nxc8+ Rxc8 18.Bg5+ Ke8 19.Rfe1 Ne7 20.Bxe6 Rc7 
21.Bb3 Nc8 22.Ne5 1-0

[Event "14th EUR-ch"]
[Site "Legnica POL"]
[Date "2013.05.10"]
[Round "6"]
[White "Musialkiewicz, Jan"]
[Black "Hnydiuk, Aleksander"]
[Result "1/2-1/2"]
[WhiteElo "2256"]
[BlackElo "2409"]
[EventDate "2013.05.05"]
[PlyCount "83"]

1.d4 Nf6 2.c4 e6 3.Nf3 d5 4.Nc3 c5 5.cxd5 Nxd5 6.e4 Nxc3 7.bxc3 cxd4 8.
cxd4 Bb4+ 9.Bd2 Bxd2+ 10.Qxd2 O-O 11.Bc4 Nd7 12.O-O b6 13.Rad1 Bb7 14.Rfe1
Rc8 15.Bb3 Qf6 16.d5 Nc5 17.Nd4 e5 18.Nf5 Kh8 19.f3 Rfd8 20.Ne3 Qg5 21.Nc4
Qxd2 22.Rxd2 f6 23.Kf2 Kg8 24.g3 Kf8 25.h4 Ba6 26.Nb2 Ne6 27.Rdd1 Nd4 28.
Rc1 Ke7 29.Ke3 Kd6 30.Bc4 b5 31.Bd3 Rxc1 32.Rxc1 Rc8 33.Rxc8 Bxc8 34.Be2 
a5 35.Bd1 Ba6 36.f4 b4 37.fxe5+ fxe5 38.Bb3 Bb5 39.Bc4 Kc5 40.Bxb5 Nxb5 
41.Nd3+ Kd6 42.Nb2 1/2-1/2

[Event "14th EUR-ch"]
[Site "Legnica POL"]
[Date "2013.05.10"]
[Round "6"]
[White "Mazur, Stefan"]
[Black "Matsenko, Andrei"]
[Result "1-0"]
[WhiteElo "2402"]
[BlackElo "2212"]
[EventDate "2013.05.05"]
[PlyCount "54"]

1.d4 d5 2.c4 c6 3.Nf3 Nf6 4.e3 Bf5 5.Nc3 e6 6.Nh4 Bg6 7.Nxg6 hxg6 8.Bd2 
Nbd7 9.Be2 Ne4 10.Nxe4 dxe4 11.Qc2 Nf6 12.O-O-O Bd6 13.h4 Qe7 14.g4 Nd7 
15.g5 a5 16.Qxe4 a4 17.c5 Bc7 18.f4 a3 19.b4 O-O-O 20.b5 cxb5 21.Bf3 Nxc5 
22.dxc5 Qxc5+ 23.Kb1 Qa7 24.Bc3 Bd6 25.Bxg7 Rhg8 26.Rc1+ Kb8 27.Be5 b4 1-0

[Event "14th EUR-ch"]
[Site "Legnica POL"]
[Date "2013.05.10"]
[Round "6"]
[White "Machan, Jan"]
[Black "Schroll, Gerhard"]
[Result "1/2-1/2"]
[WhiteElo "2173"]
[BlackElo "2387"]
[EventDate "2013.05.05"]
[PlyCount "53"]

1.Nf3 d6 2.g3 e5 3.c4 f5 4.Bg2 Nf6 5.Nc3 Be7 6.O-O c6 7.d3 a5 8.c5 Na6 9.
cxd6 Qxd6 10.d4 exd4 11.Nxd4 Nc5 12.Bf4 Qd8 13.Rc1 O-O 14.Na4 Nxa4 15.Qxa4
Nd5 16.Qb3 a4 17.Qc4 Ra5 18.Bd2 Ra6 19.a3 Bf6 20.Bb4 Re8 21.Rfd1 Kh8 22.
Bxd5 Qxd5 23.Qxd5 cxd5 24.e3 h5 25.Rc5 f4 26.exf4 Bg4 27.f3 Bxd4+ 28.Rxd4 
Bxf3 29.Kf2 Be4 30.h4 Rc6 31.Rxc6 bxc6 32.Bc5 Ra8 33.Rb4 Ra5 34.Bb6 Rb5 
35.Rxb5 cxb5 36.Ke3 Bc2 37.Kd4 Bb3 38.Ke5 g6 39.Kf6 Kh7 40.Bd4 Bc2 41.Kg5 
Bd3 1/2-1/2

[Event "14th EUR-ch"]
[Site "Legnica POL"]
[Date "2013.05.10"]
[Round "6"]
[White "Lomsadze, Davit"]
[Black "Musialkiewicz, Pawel"]
[Result "0-1"]
[WhiteElo "2370"]
[BlackElo "2160"]
[EventDate "2013.05.05"]
[PlyCount "120"]

1.e4 e6 2.d3 d5 3.Nd2 c5 4.Ngf3 Nf6 5.g3 g6 6.Bg2 Bg7 7.O-O O-O 8.c3 b6 9.
Qe2 Bb7 10.Rd1 Qc7 11.b3 Nc6 12.Bb2 a5 13.a4 Rfe8 14.Rac1 Ba6 15.Ne1 Rad8 
16.h3 h5 17.Qe3 dxe4 18.dxe4 Rd7 19.f4 Red8 20.e5 Nd5 21.Qf2 h4 22.Ne4 
hxg3 23.Nxg3 Nce7 24.Ne4 Nf5 25.Nc2 Bb7 26.Re1 Kh8 27.Na3 Nde7 28.Nb5 Qc6 
29.Rc2 Rd1 30.Re2 Rxe1+ 31.Qxe1 Nd5 32.Ned6 Rxd6 33.exd6 Qd7 34.Qd2 Nh4 
35.f5 Nxg2 36.fxe6 fxe6 37.Rxg2 Nf6 38.c4 Kh7 39.Bxf6 Bxf6 40.Rf2 Qc6 41.
Rxf6 Qh1+ 42.Kf2 Qh2+ 43.Ke1 Qe5+ 44.Kd1 Qa1+ 45.Ke2 Qe5+ 46.Kd1 Qa1+ 47.
Ke2 Qe5+ 48.Qe3 Qb2+ 49.Kd1 Qa1+ 50.Kc2 Qa2+ 51.Kd3 Qb1+ 52.Ke2 Qb2+ 53.
Ke1 Qa1+ 54.Kf2 Qxf6+ 55.Kg3 e5 56.h4 Bc6 57.Qf2 Kg7 58.Qd2 Qf3+ 59.Kh2 
Qh1+ 60.Kg3 Qg1+ 0-1

[Event "14th EUR-ch"]
[Site "Legnica POL"]
[Date "2013.05.10"]
[Round "6"]
[White "Gebigke, Martin"]
[Black "Vedder, Henk"]
[Result "0-1"]
[WhiteElo "2158"]
[BlackElo "2368"]
[EventDate "2013.05.05"]
[PlyCount "114"]

1.d4 d5 2.c4 e6 3.Nf3 Nf6 4.Nc3 Nbd7 5.Bg5 h6 6.Bh4 Be7 7.e3 a6 8.Qc2 dxc4
9.Bxc4 b5 10.Bd3 c5 11.Bxf6 gxf6 12.O-O Bb7 13.Be4 Bxe4 14.Nxe4 c4 15.Rfd1
Nb6 16.d5 exd5 17.Nc3 Ra7 18.Nd4 Qa8 19.Qf5 b4 20.Nce2 Qb7 21.Qg4 Bf8 22.
Nf4 Qd7 23.Nf5 c3 24.bxc3 bxc3 25.Nh5 Qc6 26.Rac1 Nd7 27.Qd4 Rc7 28.Rd3 c2
29.Rb3 Rg8 30.Rb8+ Nxb8 31.Nxf6+ Kd8 32.Nxg8 Ba3 33.Qh4+ Kd7 34.Nd4 Qg6 
35.Nf6+ Kc8 36.Nxd5 Bxc1 37.Qe7 Rxe7 38.Nxe7+ Kd7 39.Nxg6 fxg6 40.Nxc2 Nc6
41.Kf1 a5 42.a4 Bb2 43.Ke2 Kd6 44.Ne1 Nb4 45.Nf3 Bf6 46.Nd2 Bd8 47.e4 Ke5 
48.g3 Kd4 49.f4 Na2 50.f5 Nc3+ 51.Kf3 gxf5 52.exf5 Ke5 53.g4 Nxa4 54.h4 
Nb2 55.Ke3 Kd5 56.Nf3 Nc4+ 57.Ke2 Ne5 0-1

[Event "14th EUR-ch"]
[Site "Legnica POL"]
[Date "2013.05.10"]
[Round "6"]
[White "Ulanowski, Karol"]
[Black "Stanciu, Alexandru-Ovidiu"]
[Result "0-1"]
[WhiteElo "2091"]
[BlackElo "2335"]
[EventDate "2013.05.05"]
[PlyCount "56"]

1.e4 c5 2.Nf3 d6 3.d4 cxd4 4.Nxd4 Nf6 5.Nc3 a6 6.Bg5 Nbd7 7.Qf3 h6 8.Be3 
e5 9.Nb3 b5 10.a3 Bb7 11.Be2 Rc8 12.Bd3 Be7 13.Qg3 g6 14.f3 d5 15.exd5 
Nxd5 16.Qf2 Bh4 17.g3 Nxe3 18.Qxe3 Bg5 19.Qe2 O-O 20.h4 Be7 21.h5 f5 22.
O-O-O Rxc3 23.bxc3 Qc7 24.Kb2 Nb6 25.Qd2 Na4+ 26.Ka1 Bxf3 27.c4 e4 28.Qxh6
Qe5+ 0-1

[Event "14th EUR-ch"]
[Site "Legnica POL"]
[Date "2013.05.10"]
[Round "6"]
[White "Rindlisbacher, Lars"]
[Black "Huber, Martin Christian"]
[Result "1/2-1/2"]
[WhiteElo "2312"]
[BlackElo "2176"]
[EventDate "2013.05.05"]
[PlyCount "80"]

1.e4 c5 2.Nf3 e6 3.d4 cxd4 4.Nxd4 Nc6 5.Nb5 d6 6.c4 Nf6 7.N1c3 a6 8.Na3 
Be7 9.Be3 O-O 10.Be2 b6 11.O-O Bb7 12.f3 Re8 13.Qd2 d5 14.cxd5 exd5 15.
exd5 Nb4 16.d6 Qxd6 17.Qxd6 Bxd6 18.Nc4 Bf8 19.Bf2 Nbd5 20.Rfe1 Re6 21.
Nxd5 Nxd5 22.Bd3 Rxe1+ 23.Rxe1 Bb4 24.Rd1 b5 25.Be4 bxc4 26.Bxd5 Bxd5 27.
Rxd5 Rc8 28.Bd4 f6 29.a4 Rc6 30.Rd7 Rd6 31.Rxd6 Bxd6 32.Kf2 Kf7 33.h3 Ke6 
34.Ke3 Kd5 35.Bc3 Bc5+ 36.Kf4 Ke6 37.g4 g6 38.Ke4 f5+ 39.gxf5+ gxf5+ 40.
Kf4 Be7 1/2-1/2

[Event "14th EUR-ch"]
[Site "Legnica POL"]
[Date "2013.05.10"]
[Round "6"]
[White "Tomczak, Mikolaj"]
[Black "Simacek, Pavel"]
[Result "0-1"]
[WhiteElo "2002"]
[BlackElo "2498"]
[EventDate "2013.05.05"]
[PlyCount "86"]

1.e4 e5 2.Nf3 Nc6 3.Bb5 a6 4.Ba4 Nf6 5.O-O Nxe4 6.Re1 Nc5 7.Bxc6 dxc6 8.d4
Ne6 9.Nxe5 Be7 10.Be3 O-O 11.Nc3 f6 12.Nd3 Qe8 13.Nf4 Bd6 14.Nxe6 Bxe6 15.
Ne4 Qg6 16.Nxd6 Bd5 17.f3 cxd6 18.Bf4 Rad8 19.Re3 Qf5 20.Bg3 Qg5 21.Qe1 
Qg6 22.Qe2 f5 23.Bh4 Rd7 24.c4 Bf7 25.b3 b5 26.c5 dxc5 27.dxc5 Rd4 28.Be7 
Ra8 29.Bd6 a5 30.Be5 Rd7 31.a3 Bd5 32.Re1 Re7 33.Qd2 Rae8 34.Qd3 Re6 35.h3
h6 36.Kh2 Qf7 37.b4 Ra8 38.Bg3 Rxe3 39.Qxe3 axb4 40.axb4 Ra2 41.Kg1 Qg6 
42.Qe8+ Qxe8 43.Rxe8+ Kf7 0-1

[Event "14th EUR-ch"]
[Site "Legnica POL"]
[Date "2013.05.10"]
[Round "6"]
[White "Cherednichenko, Elena"]
[Black "Schachinger, Mario"]
[Result "1/2-1/2"]
[WhiteElo "2168"]
[BlackElo "2443"]
[EventDate "2013.05.05"]
[PlyCount "102"]

1.d4 d5 2.Nf3 Nf6 3.e3 a6 4.c4 e6 5.Bd3 dxc4 6.Bxc4 b5 7.Bd3 c5 8.dxc5 
Bxc5 9.O-O Bb7 10.Nc3 Nbd7 11.Bc2 O-O 12.a3 Qc7 13.Nd2 Rfd8 14.Qe2 Rac8 
15.Nde4 Be7 16.Rd1 Nxe4 17.Bxe4 Nc5 18.Rxd8+ Rxd8 19.Bxb7 Nb3 20.Rb1 Qxb7 
21.Qc2 b4 22.axb4 Bxb4 23.h3 Nc5 24.Bd2 h6 25.Rd1 Rc8 26.Nb1 Ne4 27.Qb3 a5
28.Bc3 Nc5 29.Qc2 Qe4 30.Qd2 Qc4 31.Qd4 Qxd4 32.Rxd4 Nb3 33.Rd1 Bxc3 34.
Nxc3 Rb8 35.Kf1 Kf8 36.f3 Ke7 37.Na4 Rb4 38.Nc3 a4 39.Rd3 Nc5 40.Rd2 f5 
41.Rd4 Rxb2 42.Nxa4 Rb1+ 43.Ke2 e5 44.Rc4 Ne6 45.Nc5 Nc7 46.Nd3 Nd5 47.e4 
fxe4 48.fxe4 Nf4+ 49.Nxf4 exf4 50.e5 Ke6 51.Rxf4 Kxe5 1/2-1/2

[Event "14th EUR-ch"]
[Site "Legnica POL"]
[Date "2013.05.10"]
[Round "6"]
[White "Krnic, Ivan"]
[Black "Tomazini, Zan"]
[Result "0-1"]
[WhiteElo "2166"]
[BlackElo "2370"]
[EventDate "2013.05.05"]
[PlyCount "72"]

1.e4 g6 2.Nc3 Bg7 3.g3 c5 4.Bg2 Nc6 5.d3 e6 6.Nh3 Nge7 7.O-O O-O 8.Bg5 h6 
9.Be3 b6 10.Nf4 Bb7 11.h4 Nd4 12.Qd2 d5 13.Bxd4 cxd4 14.Nce2 Rc8 15.Rac1 
Qd7 16.Rfd1 Rfd8 17.Kh2 Kh7 18.Nh3 dxe4 19.dxe4 Qb5 20.b3 Nc6 21.a4 Qc5 
22.Nhf4 Nb4 23.Nd3 Nxd3 24.cxd3 Qa3 25.Qf4 Rd7 26.Rxc8 Bxc8 27.e5 Qxb3 28.
Rd2 Qxa4 29.Be4 Qa5 30.h5 Bxe5 31.hxg6+ Kg7 32.Qg4 f5 33.Bxf5 exf5 34.Qxf5
Re7 35.Qxc8 Qxd2 36.Qd8 Bf6 0-1

[Event "14th EUR-ch"]
[Site "Legnica POL"]
[Date "2013.05.10"]
[Round "6"]
[White "Szwed, Jacek"]
[Black "Xylogiannopoulos, Antonios"]
[Result "1-0"]
[WhiteElo "2354"]
[BlackElo "2147"]
[EventDate "2013.05.05"]
[PlyCount "77"]

1.e4 e5 2.Nf3 Nf6 3.Nxe5 d6 4.Nf3 Nxe4 5.Nc3 Nxc3 6.dxc3 Be7 7.Bf4 O-O 8.
Qd2 Nd7 9.O-O-O Nc5 10.Be3 c6 11.Kb1 Qc7 12.h4 b5 13.Bf4 Rd8 14.h5 Ne6 15.
g4 a5 16.g5 Nxf4 17.Qxf4 Rf8 18.Bd3 f5 19.Nh4 Qd7 20.h6 g6 21.Nxg6 hxg6 
22.Qd4 Bf6 23.gxf6 Kh7 24.Bf1 d5 25.Re1 Rf7 26.Rh3 Qd6 27.Re7 Rxe7 28.fxe7
Qxe7 29.Re3 Qf7 30.Re8 g5 31.Qh8+ Kg6 32.h7 Kh6 33.Rxc8 Qe6 34.Qf8+ Kxh7 
35.Rc7+ Kg6 36.Qg7+ Kh5 37.Qh7+ Kg4 38.Qh3+ Kf4 39.Qg3+ 1-0

[Event "14th EUR-ch"]
[Site "Legnica POL"]
[Date "2013.05.10"]
[Round "6"]
[White "Posedaru, Bogdan"]
[Black "Pogosian, Vladimir"]
[Result "0-1"]
[WhiteElo "2339"]
[BlackElo "2132"]
[EventDate "2013.05.05"]
[PlyCount "72"]

1.d4 Nf6 2.c4 e5 3.dxe5 Ng4 4.e3 Nxe5 5.Nh3 Nbc6 6.Nf4 d6 7.Be2 Bf5 8.a3 
g6 9.Bd2 Bg7 10.Bc3 O-O 11.O-O a5 12.b3 Re8 13.Kh1 Qh4 14.g3 Qh6 15.f3 Ne7
16.e4 g5 17.Ng2 Bh3 18.f4 Bxg2+ 19.Kxg2 gxf4 20.Rxf4 N7g6 21.Rf2 Qe3 22.
Qd4 Qxd4 23.Bxd4 Ng4 24.Bxg7 Nxf2 25.Kxf2 Kxg7 26.Nc3 Re5 27.Kg2 Rae8 28.
Rf1 h5 29.h4 Nf8 30.Nd5 Ne6 31.Rf5 Nd4 32.Rxe5 Rxe5 33.Bf1 c6 34.Nf4 Kh6 
35.Kf2 Ne6 36.Nd3 Rxe4 0-1

[Event "14th EUR-ch"]
[Site "Legnica POL"]
[Date "2013.05.10"]
[Round "6"]
[White "Sahitaj, Naim"]
[Black "Wenzel, Birger"]
[Result "1-0"]
[WhiteElo "2256"]
[BlackElo "2110"]
[EventDate "2013.05.05"]
[PlyCount "97"]

1.e4 d5 2.exd5 Qxd5 3.Nc3 Qd6 4.d4 Nf6 5.Nf3 c6 6.Ne5 Nbd7 7.Nc4 Qc7 8.g3 
Nb6 9.Bf4 Qd8 10.Qe2 Nxc4 11.Qxc4 Be6 12.Qd3 Qb6 13.O-O-O Nd5 14.Be3 g6 
15.a3 Bg7 16.h4 Nxe3 17.fxe3 O-O-O 18.Bh3 Bxh3 19.Rxh3 e5 20.Ne2 Rhe8 21.
g4 e4 22.Qc4 Qc7 23.Rf1 Re7 24.g5 Qd7 25.Rh2 Kb8 26.Rhf2 Rf8 27.Kd2 h5 28.
Nc3 Qe8 29.Ke2 Bh8 30.Rf4 Re6 31.b4 f5 32.Kf2 Re7 33.Ne2 Rc7 34.Qb3 Ka8 
35.c4 Qd8 36.Kg2 Qc8 37.c5 Qd7 38.R4f2 Qe8 39.Nf4 Re7 40.Qc4 Bg7 41.a4 Rg8
42.b5 Rf8 43.Rb1 Bh8 44.Rbb2 Bg7 45.a5 Bh8 46.a6 Bg7 47.b6 bxa6 48.Qxa6 
Qf7 49.bxa7 1-0

[Event "14th EUR-ch"]
[Site "Legnica POL"]
[Date "2013.05.10"]
[Round "6"]
[White "Pappelis, Dimitrios"]
[Black "Papasimakopoulos, Alexandros"]
[Result "1/2-1/2"]
[WhiteElo "2055"]
[BlackElo "2242"]
[EventDate "2013.05.05"]
[PlyCount "110"]

1.e4 e6 2.d4 d5 3.Nc3 Bb4 4.Ne2 Nc6 5.a3 Bxc3+ 6.Nxc3 dxe4 7.d5 exd5 8.
Qxd5 Be6 9.Qxe4 Nf6 10.Qh4 Qd4 11.Qxd4 Nxd4 12.Bd3 O-O-O 13.Bg5 Nb3 14.Rd1
Nc5 15.Bxf6 gxf6 16.f3 Nxd3+ 17.Rxd3 Rxd3 18.cxd3 Rd8 19.Ke2 Bb3 20.Rc1 f5
21.Ke3 c6 22.h4 Kd7 23.Ne2 Re8+ 24.Kf2 Kd6 25.Nd4 Be6 26.Nxe6 fxe6 27.g4 
f4 28.Rc4 e5 29.Ra4 a6 30.d4 Rf8 31.dxe5+ Kxe5 32.Re4+ Kd6 33.Kg2 c5 34.
Kh3 b5 35.g5 c4 36.Kg4 a5 37.h5 Rc8 38.g6 hxg6 39.hxg6 b4 40.axb4 axb4 41.
Kf5 c3 42.bxc3 bxc3 43.g7 Kd5 44.Re1 Kd4 45.Kxf4 Kd3 46.Kg5 c2 47.Kf6 Rc6+
48.Kf7 Rc7+ 49.Kg6 c1=Q 50.Rxc1 Rxc1 51.g8=Q Rg1+ 52.Kf7 Rxg8 53.Kxg8 Ke3 
54.Kh8 Kf4 55.Kh7 Kxf3 1/2-1/2

[Event "14th EUR-ch"]
[Site "Legnica POL"]
[Date "2013.05.10"]
[Round "6"]
[White "Hristodoulou, Panagiotis"]
[Black "Pavlicek, Miroslav"]
[Result "1/2-1/2"]
[WhiteElo "2219"]
[BlackElo "2014"]
[EventDate "2013.05.05"]
[PlyCount "80"]

1.e4 c5 2.Nf3 e6 3.d4 cxd4 4.Nxd4 Nf6 5.Nc3 Nc6 6.Ndb5 d6 7.Bf4 e5 8.Bg5 
a6 9.Na3 b5 10.Bxf6 gxf6 11.Nd5 f5 12.c3 fxe4 13.Bxb5 Bd7 14.Bc4 Bg7 15.
Qh5 O-O 16.O-O Be6 17.Nc2 Na5 18.b3 Nxc4 19.bxc4 Bxd5 20.cxd5 f5 21.Rab1 
Ra7 22.Nb4 Qf6 23.Nc6 Raf7 24.Rb4 Bh6 25.Qe2 Rg7 26.Rfb1 Qg5 27.g3 Qd2 28.
Qxd2 Bxd2 29.Rb8 e3 30.fxe3 Bxe3+ 31.Kg2 Ba7 32.R8b7 Rxb7 33.Rxb7 Bc5 34.
Rb8 Rxb8 35.Nxb8 a5 36.Nc6 a4 37.Nd8 Ba3 38.Kf3 Kg7 39.g4 Kf6 40.gxf5 Kxf5
1/2-1/2

[Event "14th EUR-ch"]
[Site "Legnica POL"]
[Date "2013.05.10"]
[Round "6"]
[White "Guzewicz, Rafal"]
[Black "Leiber, Bernard"]
[Result "0-1"]
[WhiteElo "1942"]
[BlackElo "2209"]
[EventDate "2013.05.05"]
[PlyCount "114"]

1.d4 Nf6 2.Bf4 d6 3.e3 g6 4.h3 Bg7 5.Nf3 O-O 6.Be2 Nbd7 7.O-O Nh5 8.Bg5 h6
9.Bh4 g5 10.Nfd2 gxh4 11.Bxh5 e5 12.c3 Qg5 13.Ne4 Qe7 14.Ned2 f5 15.dxe5 
Nxe5 16.Nf3 Be6 17.Nbd2 c5 18.Qa4 Bf6 19.Nxe5 Bxe5 20.Nf3 Bf6 21.Rad1 Kh7 
22.Qf4 Rad8 23.e4 Bg5 24.Nxg5+ hxg5 25.Qe3 Bxa2 26.exf5 Qxe3 27.fxe3 Bc4 
28.Rf2 Kg7 29.Kh2 a5 30.g3 Kf6 31.gxh4 gxh4 32.Rf4 Bb3 33.Rg1 Ke5 34.Rg5 
Rf6 35.Bg6 Rh8 36.Rgg4 Bc2 37.e4 b5 38.Kg1 b4 39.Kf2 a4 40.Ke3 b3 41.Rf2 
c4 42.Rxc2 bxc2 43.Kd2 Rff8 44.Kxc2 Rfg8 45.Kc1 Rg7 46.Rg2 Rc8 47.Rd2 Rc5 
48.Rf2 Kxe4 49.f6+ Rxg6 50.f7 Rc8 51.f8=Q Rxf8 52.Rxf8 Rg3 53.Ra8 Rxh3 54.
Rxa4 d5 55.Ra8 Rg3 56.Rh8 h3 57.Kd1 Ke3 0-1

[Event "14th EUR-ch"]
[Site "Legnica POL"]
[Date "2013.05.10"]
[Round "6"]
[White "Szumilas, Piotr"]
[Black "Wolff, Peter"]
[Result "1-0"]
[WhiteElo "2198"]
[BlackElo "1962"]
[EventDate "2013.05.05"]
[PlyCount "71"]

1.e4 c6 2.d4 d5 3.exd5 cxd5 4.c4 Nf6 5.Nc3 Nc6 6.cxd5 Nxd5 7.Nf3 Bg4 8.Be2
e6 9.O-O Be7 10.h3 Bh5 11.Qb3 Nb6 12.Qb5 Bxf3 13.Bxf3 Rc8 14.Be3 a6 15.Qe2
O-O 16.Rfd1 Nd5 17.Bxd5 exd5 18.Qf3 Bd6 19.Nxd5 Re8 20.Rac1 Qa5 21.a3 Kf8 
22.b4 Qxa3 23.Bf4 Bxb4 24.Qh5 Kg8 25.Qg4 Kh8 26.Nb6 Rcd8 27.d5 Ne5 28.Bxe5
Rxe5 29.Nc4 f5 30.Qd4 Re4 31.Qb6 Rd6 32.Nxa3 Kg8 33.Rc8+ Kf7 34.Qxb7+ Kg6 
35.Nc4 Rf6 36.Qxb4 1-0

[Event "14th EUR-ch"]
[Site "Legnica POL"]
[Date "2013.05.10"]
[Round "6"]
[White "Skytte, Torill"]
[Black "Kantorik, Marian"]
[Result "0-1"]
[WhiteElo "1922"]
[BlackElo "2363"]
[EventDate "2013.05.05"]
[PlyCount "104"]

1.d4 Nf6 2.Bf4 c5 3.e3 Qb6 4.Nc3 e6 5.Nf3 a6 6.Rb1 Nc6 7.d5 exd5 8.Nxd5 
Nxd5 9.Qxd5 Be7 10.Bc4 O-O 11.O-O Nb4 12.Qh5 d5 13.Be2 Qg6 14.Qxg6 hxg6 
15.c3 Nc6 16.Rbd1 Be6 17.a3 c4 18.Ng5 b5 19.Bf3 Rad8 20.h4 Rd7 21.Nxe6 
fxe6 22.Bg4 Kf7 23.g3 Rfd8 24.Kg2 Ra7 25.Bg5 a5 26.Ra1 Rda8 27.Rfb1 b4 28.
Bf3 Bf6 29.Bxf6 gxf6 30.Kh3 Ke7 31.Kg2 Kd6 32.Be2 Rb8 33.Rd1 Kc5 34.h5 
bxc3 35.bxc3 Rb2 36.Bf3 gxh5 37.Rh1 Rc2 38.Rxh5 Rxc3 39.Rh6 Rf7 40.Rh8 Rb3
41.Bh5 Re7 42.g4 Ne5 43.Rc8+ Kd6 44.Ra8 c3 45.Rxa5 Rc7 46.Ra6+ Ke7 47.Rc1 
c2 48.a4 Nd3 49.g5 Nxc1 50.gxf6+ Kxf6 51.Bg4 Re7 52.Rc6 Nd3 0-1

[Event "14th EUR-ch"]
[Site "Legnica POL"]
[Date "2013.05.10"]
[Round "6"]
[White "Goluch, Piotr"]
[Black "Zemlicka, Vit"]
[Result "1-0"]
[WhiteElo "2215"]
[BlackElo "2049"]
[EventDate "2013.05.05"]
[PlyCount "115"]

1.e4 e5 2.Nf3 Nc6 3.Bb5 a6 4.Ba4 Nf6 5.Bxc6 dxc6 6.d3 Nd7 7.Nbd2 f6 8.Nc4 
Bd6 9.O-O O-O 10.b3 Nc5 11.Nh4 g6 12.Re1 Ne6 13.c3 c5 14.h3 Qe7 15.Nf3 Bd7
16.Bb2 Rad8 17.Qd2 Bc8 18.Rad1 Qf7 19.Qc1 Rfe8 20.Qa1 Bf8 21.Ne3 c6 22.Ng4
h5 23.Ne3 Bh6 24.a4 Ng5 25.Nxg5 Bxg5 26.Qa3 Bh6 27.a5 Be6 28.c4 Bf8 29.Qa1
Rd7 30.Qb1 Red8 31.Nf1 Bh6 32.Ba3 Bf8 33.Bc1 Kh7 34.Be3 Bd6 35.Nh2 Qe7 36.
Qc2 Kg7 37.Rf1 Bc7 38.Qc3 Kh7 39.f4 exf4 40.Bxf4 Bxf4 41.Rxf4 Rd4 42.Rdf1 
f5 43.Qe1 g5 44.R4f3 f4 45.h4 Rxd3 46.hxg5 Qxg5 47.Rxd3 Rxd3 48.Nf3 Qg3 
49.Qxg3 fxg3 50.Ng5+ Kg6 51.Nxe6 Rxb3 52.Nxc5 Re3 53.Rd1 Re2 54.Rc1 Kf6 
55.Nxb7 Ke5 56.Nd8 Kd6 57.c5+ Kd7 58.Rd1+ 1-0

[Event "14th EUR-ch"]
[Site "Legnica POL"]
[Date "2013.05.10"]
[Round "6"]
[White "Szonyi, Bence"]
[Black "Chubar, Vladimir"]
[Result "0-1"]
[WhiteElo "1651"]
[BlackElo "2053"]
[EventDate "2013.05.05"]
[PlyCount "146"]

1.e4 e6 2.d4 d5 3.e5 Ne7 4.Nf3 b6 5.Bd3 Ba6 6.Bxa6 Nxa6 7.O-O Nb8 8.Bg5 
Qd7 9.Nbd2 h6 10.Be3 Ng6 11.a4 a5 12.Qe2 Be7 13.c4 O-O 14.cxd5 Qxd5 15.Qc4
Qxc4 16.Nxc4 Nc6 17.Rac1 Nb4 18.Na3 Rfc8 19.Nb5 Nd5 20.Bd2 Kf8 21.g3 Ke8 
22.Rc2 Kd7 23.Rd1 c6 24.Nc3 Nb4 25.Rcc1 Rd8 26.Ne4 Kc7 27.Bxb4 Bxb4 28.Rc2
Kb7 29.Rdc1 Rac8 30.Rc4 Rc7 31.Nc3 Bxc3 32.R1xc3 Ne7 33.b3 Nd5 34.Rc1 Nb4 
35.Ne1 Rcd7 36.Nf3 g5 37.g4 Rd5 38.Re1 Nd3 39.Re3 Nf4 40.Kf1 c5 41.dxc5 
bxc5 42.Ne1 Kb6 43.f3 Rd1 44.Rc2 Rb1 45.Kf2 Rdd1 46.Ng2 Nd5 47.Re1 Rxe1 
48.Nxe1 Rxb3 49.Ng2 Rb4 50.Ne3 Nxe3 51.Kxe3 Rxa4 52.Rd2 Rd4 53.Rb2+ Kc6 
54.Rb8 a4 55.Rf8 Rd7 56.Ra8 Kb5 57.Rb8+ Kc4 58.Ra8 Kb3 59.Rb8+ Ka2 60.Rc8 
Rd5 61.Rc7 a3 62.f4 gxf4+ 63.Kxf4 Kb1 64.Rb7+ Ka1 65.Rxf7 a2 66.h4 Rd4+ 
67.Kf3 Kb2 68.Ra7 a1=Q 69.Rxa1 Kxa1 70.g5 hxg5 71.hxg5 c4 72.g6 c3 73.Ke3 
Rg4 0-1

[Event "14th EUR-ch"]
[Site "Legnica POL"]
[Date "2013.05.10"]
[Round "6"]
[White "Zahariev, Ognyan"]
[Black "D`Aste, Federico"]
[Result "1-0"]
[WhiteElo "1913"]
[BlackElo "1501"]
[EventDate "2013.05.05"]
[PlyCount "89"]

1.e4 d5 2.exd5 Nf6 3.d4 Bg4 4.Be2 Bxe2 5.Nxe2 Qxd5 6.O-O Nc6 7.Nbc3 Qf5 8.
Ng3 Qg4 9.Nce2 O-O-O 10.f3 Qd7 11.Be3 e6 12.c4 Kb8 13.a3 a6 14.b4 Na7 15.
Qb3 Be7 16.a4 c6 17.Nc3 Ka8 18.Rfd1 h5 19.Rd2 h4 20.Nf1 Rh5 21.Rad1 g5 22.
d5 exd5 23.cxd5 Qc7 24.dxc6 Nxc6 25.b5 Ne5 26.Rxd8+ Bxd8 27.bxa6 bxa6 28.
Nd5 Nxd5 29.Qxd5+ Nc6 30.a5 Rh6 31.Bb6 Rd6 32.Qxd6 Qxd6 33.Rxd6 Bxb6+ 34.
axb6 Na5 35.Rd7 f6 36.Ra7+ Kb8 37.Rxa6 Nb7 38.Nd2 Nc5 39.Ra7 f5 40.Kf1 f4 
41.Ne4 Ne6 42.Re7 Nd4 43.Nc5 Nc6 44.Na6+ Kc8 45.Rc7+ 1-0

[Event "14th EUR-ch"]
[Site "Legnica POL"]
[Date "2013.05.11"]
[Round "7"]
[White "Alexeev, Evgeny"]
[Black "Moiseenko, Olexandr"]
[Result "1/2-1/2"]
[WhiteElo "2700"]
[BlackElo "2698"]
[EventDate "2013.05.05"]
[PlyCount "81"]

1.e4 c5 2.Nf3 Nc6 3.d4 cxd4 4.Nxd4 Nf6 5.Nc3 e5 6.Ndb5 d6 7.Bg5 a6 8.Na3 
b5 9.Nd5 Be7 10.Bxf6 Bxf6 11.c3 Bg5 12.Nc2 Ne7 13.h4 Bh6 14.a4 bxa4 15.
Ncb4 O-O 16.Qxa4 a5 17.Nxe7+ Qxe7 18.Nd5 Qd8 19.Bb5 Be6 20.Bc6 Rb8 21.b4 
axb4 22.cxb4 Kh8 23.b5 Bxd5 24.Bxd5 Qb6 25.O-O Qxb5 26.Qxb5 Rxb5 27.Ra6 f6
28.Rxd6 Rc5 29.g3 Rc7 30.Rb1 g6 31.Rbb6 Kg7 32.Rdc6 Re7 33.Re6 Rc7 34.Rb7 
Rxb7 35.Bxb7 Rf7 36.Bd5 Rc7 37.Re8 Bc1 38.Rg8+ Kh6 39.Rf8 Kg7 40.Rg8+ Kh6 
41.Rf8 1/2-1/2

[Event "14th EUR-ch"]
[Site "Legnica POL"]
[Date "2013.05.11"]
[Round "7"]
[White "Lupulescu, Constantin"]
[Black "Vallejo Pons, Francisco"]
[Result "1/2-1/2"]
[WhiteElo "2634"]
[BlackElo "2695"]
[EventDate "2013.05.05"]
[PlyCount "166"]

1.d4 e6 2.c4 d5 3.Nc3 Bb4 4.Nf3 Nf6 5.Bg5 dxc4 6.e4 h6 7.Bxf6 Qxf6 8.Bxc4 
c5 9.O-O O-O 10.e5 Qd8 11.Ne4 cxd4 12.Qe2 Qb6 13.Rad1 Rd8 14.Ng3 Be7 15.h4
Na6 16.Nh5 Nc5 17.Nxd4 Bd7 18.Qg4 Bf8 19.b4 Qxb4 20.Nf5 Kh8 21.Nfxg7 b5 
22.Qf4 Bxg7 23.Nxg7 Kxg7 24.Qf6+ Kg8 25.Rd4 Qxc4 26.Rxc4 bxc4 27.Qxh6 Bc6 
28.Qg5+ Kf8 29.h5 Be4 30.Rc1 Rd4 31.h6 Bg6 32.Qf6 Re8 33.g3 Nd7 34.Qg7+ 
Ke7 35.h7 Bxh7 36.Qxh7 Nxe5 37.Qg7 Rd5 38.Rc3 Rc8 39.Qg5+ Kd6 40.Qc1 Rdc5 
41.Qa3 a5 42.f4 Nd3 43.Rxc4 Nb4 44.Rxc5 Rxc5 45.Qb2 f5 46.a3 Nc6 47.Qf6 
Rd5 48.Kg2 Nd4 49.Qf8+ Kc6 50.a4 Kc7 51.Kh3 Kc6 52.Kh4 Kc7 53.Kg5 Kb7 54.
Kf6 Rd7 55.Qe8 Rd5 56.Qf8 Rd7 57.Qh8 Rd5 58.Ke7 Kc7 59.Qa8 Rd7+ 60.Kf6 Nc6
61.Qa6 Rd4 62.Qe2 Rd6 63.Qc4 Rd4 64.Qc5 Rd5 65.Qc2 Rd6 66.Qc3 Kb7 67.Qc5 
Kc7 68.Qb5 Rd5 69.Qb1 Rd6 70.Qb2 Nb4 71.Kf7 Nc6 72.Qb3 Nd8+ 73.Kf6 Nc6 74.
Qc3 Kb7 75.Qc5 Kc7 76.Kf7 Rd5 77.Qc4 Rd6 78.Qc3 Kb7 79.Qc1 Kc7 80.Qb2 Kc8 
81.Kf6 Kc7 82.Qb1 Nb4 83.Qb3 Nc6 1/2-1/2